Civilisations

محفوظ في:

التنسيق: دورية

اللغة: Undetermined

منشور في: JSTOR
Institut de Sociologie de l'Université de Bruxelles

الموضوعات:

الوصول للمادة أونلاين: Login to view Source

الوسوم: إضافة وسم

لا توجد وسوم, كن أول من يضع وسما على هذه التسجيلة!

رقم الطلب:

LEADER 00552nas a2200181Ia 4500
008 220214c99999999xx |||||||||||| ||und||
022 |a 2032-0442 
022 |a سبتمبر-40 
245 0 0 |a Civilisations 
264 1 |b JSTOR 
264 1 |b Institut de Sociologie de l'Université de Bruxelles 
362 0 |a Vol. 1(1951)-67 (2018) 
653 1 0 |a Social Sciences 
653 1 0 |a Sociology 
856 4 0 |u https://www.jstor.org/journal/civi 
942 |c JL 
952 |0 0  |1 0  |4 0  |7 1  |9 34552  |a JSR  |b JSR  |d 2022-02-14  |l 0  |r 2022-02-14 00:00:00  |w 2022-02-14  |y JL 
999 |c 42885  |d 42885